Najczęściej odwiedzane państwa przez Kanadyjczyków - Statystyki

Ogólne statystyki
  • Ten quiz został rozwiązany 10 razy
  • Średni wynik to 9 z 10
Statystyki odpowiedzi
Tysiące Państwo % Poprawnych
1 140 Francja
100%
399 Hiszpania
100%
1 926 Meksyk
100%
574 Niemcy
100%
20 702 Stany Zjednoczone
100%
1 192 Wielka Brytania
89%
469 Włochy
89%
800 Kuba
78%
723 Chiny
67%
487 Dominikana
44%
Nie znaleziono quizów pasujących do podanych kryteriów
Rozkład punktacji
Procent ludzi z każdym wynikiem
Percentyl według liczby udzielonych odpowiedzi
Twoja historia wyników
Nie rozwiązałeś tego quizu